000 00633nam a2200229 i 4500
001 9891
003 ES-MaACL
005 20230906145757.0
007 t|
008 940421s1981 sp ||||1| spa d
020 _a84-7398-140-5
080 _a332.4:347.476
080 _a347.476:332.4
100 1 _aBonet Correa, José.
_930127
245 1 4 _aLas Deudas de dinero /
_cJosé Bonet Correa.
250 _a[1ª ed.].
260 _aMadrid :
_bCivitas,
_c1981.
300 _a493 p. ;
_c20 cm.
500 _aIndice.
650 1 4 _aDeudores y acreedores.
_911845
852 _aES-MaACL
_jL-17033
_bR.120889
_q. - Ded. autógr. del autor
999 _c9891
_d9891